000 00407nam a2200169Ia 4500
003 LK-CoDNM
008 010623t xxu||||| |||| 00| 1 sin d
040 _aLK-CoDNM
_dLK-CoDNM
_eLK-CoDNM
041 _asin
080 _aJ 24
100 _aPiyasena,S
_eed.
245 _aඉරණමේ හැටි
246 _aIranamee Hetil
260 _bLeela Stores
_aColombo
300 _b101p., 21 cm
942 _cBK
999 _c137534
_d137534